Systém finančně devizových vztahů v rámci společných podniků členských státu RVHP

Guardado en:
Detalles Bibliográficos
Autor principal: Válek, Vratislav
Formato: Libro
Lenguaje:checo
Publicado: Praha Academia 1980
Colección:Rozpravy ČSAV
Etiquetas: Agregar Etiqueta
Sin Etiquetas, Sea el primero en etiquetar este registro!

MARC

LEADER 00000nam a2200000 4500
001 c141517
005 20240417141130.6
041 0 |a cze 
044 |a CZ 
245 1 0 |a Systém finančně devizových vztahů v rámci společných podniků členských státu RVHP  |c Vratislav Válek 
264 1 |a Praha  |b Academia  |c 1980 
300 |a 81 s. 
490 1 |a Rozpravy ČSAV 
830 0 |a Rozpravy ČSAV 
100 1 |a Válek, Vratislav